Missing Word: Guess the Theme Quiz Stats

 Plays Quiz Updated Sep 29, 2016

Challenge
Share
Tweet
Embed
Score 0/20 Timer 03:00
7 Plays Today
Phrase Missing Word % Correct
Beauty and the _____Beast
98.1%
Larry the _____ GuyCable
90.5%
Operation Desert _____Storm
86.4%
_____ hair pastaAngel
85.8%
Valley _____Forge
68.6%
_____ SunsPhoenix
67.4%
_____ BorealisAurora
66.2%
_____ of commerceChamber
56.8%
Fats _____Domino
53.4%
_____ ChameleonKarma
49.8%
Phrase Missing Word % Correct
_____ NowApocalypse
46.9%
Cherries _____Jubilee
40.9%
The _____ ComethIceman
37.2%
_____ mind meldVulcan
34.7%
_____ FireArcade
34.6%
The Adventures of Ichabod and Mr. _____Toad
29.4%
_____ of RhodesColossus
28.5%
Joey _____Bishop
18.6%
The _____ RunCannonball
15.9%
Theme of this quizX-Men characters
14.7%

Today's Daily Dose

Missing Word
Entertainment 'M'

Word Ladder
North Carolina

On This Day
January 16th II

You're not logged in!

Compare scores with friends on all Sporcle quizzes.
OR
Log In

You Might Also Like...

Show Comments

Extras

Top Quizzes Today


Score Distribution

Your Account Isn't Verified!

In order to create a playlist on Sporcle, you need to verify the email address you used during registration. Go to your Sporcle Settings to finish the process.

Report this User

Report this user for behavior that violates our Community Guidelines.

Details: